000 00562nam a2200205Ia 4500
003 LK-CoDNM
005 20241126143407.0
008 010623t1967 xxu||||| |||| 00| 1 sin d
040 _aLK-CoDNM
_dLK-CoDNM
_eLK-CoDNM
041 _asin
080 _a294.3
_bPAN
100 _aPgnagnaseeha Thero,Madihe.
245 _aශ්‍රි වජර්ඥාන සාහිත්‍ය-1967
246 _aSri Vajragnana Sahithya
260 _bD. F. De. S. Gunawardena
_c1967
300 _b292p. ; 21 cm
650 _a1967
650 _aBuddhism
942 _cBK
999 _c107443
_d107443